दोषी कौन (Record no. 969786)

MARC details
000 -LEADER
fixed length control field 00257nam a2200109Ia 4500
008 - FIXED-LENGTH DATA ELEMENTS--GENERAL INFORMATION
fixed length control field 151001s9999||||xx |||||||||||||| ||und||
100 ## - MAIN ENTRY--PERSONAL NAME
Personal name राहुल
245 ## - TITLE STATEMENT
Title दोषी कौन
260 ## - PUBLICATION, DISTRIBUTION, ETC. (IMPRINT)
Name of publisher, distributor, etc डायमंड
300 ## - PHYSICAL DESCRIPTION
Extent 190
365 ## - TRADE PRICE
Price amount 17

No items available.